000 00441nam a2200169Ia 4500
001 4997
008 140318s9999 xx 000 0 und d
020 _a1-85788-033-1
040 _cPK-LaUMT
082 _a 306
_bTRO-R
100 _aTrompenaars, Fons
245 _aRiding the waves of culture : Understanding cultural diversi
_cTrompenaars, Fons
260 _aLondon,UK:
_bNicholas,
_c1993
300 _a192 p.
546 _aEN
942 _cBK
999 _c5092
_d5092